[Event "BCF-chT4S 1819 (4NCL)"]
[Site "England"]
[Date "2019.05.06"]
[Round "11.103"]
[White "Turner, Simon"]
[Black "Luberto, Michael"]
[Result "1-0"]
[WhiteElo "1945"]
[BlackElo "1930"]
[PlyCount "65"]
[EventDate "2018.11.17"]
[EventType "team-swiss"]
[EventRounds "11"]
[EventCountry "ENG"]
[SourceTitle "EXT 2021"]
[Source "ChessBase"]
[SourceDate "2020.10.23"]
[SourceVersion "1"]
[SourceVersionDate "2020.10.23"]
[SourceQuality "1"]
[WhiteTeam "Warwicks Select II"]
[BlackTeam "Watford"]
[WhiteTeamCountry "ENG"]
[BlackTeamCountry "ENG"]

1. d4 Nf6 2. c4 g6 3. Nc3 Bg7 4. e4 d6 5. Nf3 0-0 6. h3 Nc6 7. Be3 e5 8. d5 Ne7 9. Qd2 Nxe4 10. Nxe4 f5 11. Nc3 f4 12. Bd3 Nf5 13. Bxf4 exf4 14. 0-0 Nh4 15. Qd1 Re8 16. Rb1 Bxc3 17. bxc3 b6 18. Nxh4 Qxh4 19. Qf3 Re5 20. Rfe1 Rg5 21. Kh2 Bd7 22. Rb2 Rf8 23. Bf1 Bg4 24. Qd3 Bf5 25. Qf3 Bg4 26. Qd3 f3 27. g3 Qh6 28. Qd2 Qxh3+ 29. Bxh3 Rh5 30. Re4 Rxh3+ 31. Kg1 Rxg3+ 32. fxg3 f2+ 33. Qxf2 1-0